| 000 | 01442 a2200229 4500 | ||
|---|---|---|---|
| 003 | Nust | ||
| 005 | 20221027182553.0 | ||
| 010 | _a 85006940 | ||
| 020 | _a0827325320 (pbk.) | ||
| 040 | _cNust | ||
| 082 | 0 | 0 | _a621.31,KUB |
| 100 | 1 | _aKubala, Thomas S. | |
| 245 | 1 | 0 |
_aElectricity 2 : _bdevices, circuits, and materials / _cThomas S. Kubala. |
| 250 | _a4th ed. | ||
| 260 |
_aAlbany, N.Y. : _bDelmar Publishers, _cc1986. |
||
| 300 |
_aix, 126 p. : _bill. ; _c26 cm. |
||
| 505 | _aAlternating Current Principles (Page-1), Inductance and Inductive Reactance (Page-9), Capacitance and Capacitive Reactance (Page-15), Series Circuit Resistance and Inductance (Page-23), Series Circuits Resistance and Capacitance (Page-29), Series Circuits Resistance Inductance and Capacitance (Page-35), Ac Parallel Circuits Containing Inductance (Page-43), Ac Parallel Circuits Containing Inductance and Capacitance (Page-49), Ac Power Power Factor and Power Factor Correction (Page-57), Summary Review of Units (Page-69), Single Phase Three Wire Service Entrance (Page-75), Installation of a Single Phase Three Wire Service Entrance for an Apartment Building (Page-85), Introduction to Fluorescent Lighting (Page-101), Introduction of Fluorescent Lighting (Page-107), Summary Review of Units (Page-117). | ||
| 650 | 0 |
_aElectric circuits _xAlternating current. _9101583 |
|
| 650 | 0 |
_aElectricity _939895 |
|
| 740 | 0 | _aElectricity two. | |
| 942 |
_2ddc _cBK |
||
| 999 |
_c180518 _d180518 |
||